Statistics for Starting Pokemon

Click here to take the quiz!

General Stats

  • This quiz has been taken 60 times
  • The average score is 17 of 19

Answer Stats

HintAnswer% Correct
Bulbasaur
100%
Charmander
100%
Squirtle
100%
Pikachu
96%
Mudkip
90%
Torchic
90%
Chikorita
88%
Totodile
88%
Chimchar
86%
Cyndaquil
86%
Piplup
86%
Treecko
86%
Snivy
84%
Tepig
84%
Turtwig
84%
Chespin
82%
Froakie
82%
Fennekin
80%
Oshawott
78%

Score Distribution

Percentile by Number Answered

Percent of People with Each Score

Your Score History

You have not taken this quiz